Star wars 3: Anakin and Obiwan ' end dialogue - Statistics

General Stats
  • This quiz has been taken 529 times
  • The average score is 42 of 55
Answer Stats
Answer % Correct
I
94%
I
94%
I
94%
you.
94%
you
94%
you
94%
You
94%
a
89%
the
89%
have
82%
my
82%
my
82%
my
82%
my
82%
to
81%
to
81%
to
81%
Anakin,
80%
do
78%
empire.
78%
empire?
78%
new
78%
new
78%
Your
78%
and
75%
will
75%
will
75%
is
74%
try.
74%
brought
73%
me,
73%
peace,
73%
justice,
72%
kill
72%
sith
72%
what
72%
DEMOCRACY!
71%
Don't
71%
freedom,
71%
must.
71%
are
70%
are
70%
not
70%
security
70%
make
69%
with
69%
If
68%
Only
68%
then
68%
enemy.
67%
deals
66%
in
65%
allegiance
64%
absolutes.
63%
Republique,
26%
No matching quizzes found
Score Distribution
Percent of People with Each Score
Percentile by Number Answered
Your Score History
You have not taken this quiz